[Event "BCF-chT4S 2324 (4NCL)"]
[Site "England"]
[Date "2023.11.19"]
[Round "2.112"]
[White "Walentowicz, Stefan"]
[Black "David, Barry AH"]
[Result "1-0"]
[WhiteElo "1873"]
[BlackElo "1692"]
[PlyCount "33"]
[EventDate "2024.02.11"]
[EventType "team-swiss"]
[EventRounds "11"]
[EventCountry "ENG"]
[SourceTitle "EXT 2025"]
[Source "ChessBase"]
[SourceDate "2024.10.14"]
[SourceVersion "1"]
[SourceVersionDate "2024.10.14"]
[SourceQuality "1"]
[WhiteTeam "Ashfield II"]
[BlackTeam "English Deaf Chess Assoc"]
[WhiteTeamCountry "ENG"]
[BlackTeamCountry "ENG"]

1. d4 Nf6 2. Nf3 e6 3. e3 c5 4. c3 d5 5. Bd3 Bd6 6. Nbd2 Nc6 7. 0-0 0-0 8. Qe2 c4 9. Bc2 b5 10. e4 e5 11. exd5 Nxd5 12. Qe4 Nf6 13. Qxc6 Rb8 14. Ne4 Rb6 15. Nxf6+ Qxf6 16. Qe4 Bb7 17. Qxh7# 1-0

[Event "BCF-chT3W 2223 (4NCL)"]
[Site "England"]
[Date "2023.02.05"]
[Round "6.14"]
[White "Green, Anthony J"]
[Black "Walentowicz, Stefan"]
[Result "1-0"]
[WhiteElo "1946"]
[BlackElo "1937"]
[PlyCount "99"]
[EventDate "2022.10.22"]
[EventType "team-tourn"]
[EventRounds "11"]
[EventCountry "ENG"]
[SourceTitle "EXT 2024"]
[Source "ChessBase"]
[SourceDate "2023.10.10"]
[SourceVersion "1"]
[SourceVersionDate "2023.10.10"]
[SourceQuality "1"]
[WhiteTeam "Warwicks Select II"]
[BlackTeam "Ashfield"]
[WhiteTeamCountry "ENG"]
[BlackTeamCountry "ENG"]

1. d4 Nf6 2. c4 e6 3. Nc3 d5 4. cxd5 exd5 5. Bg5 Be7 6. e3 0-0 7. Bd3 h6 8. Bh4 b6 9. Qc2 Bb7 10. Nge2 Nbd7 11. 0-0 c5 12. Rad1 a6 13. Bf5 Re8 14. e4 g6 15. Bxd7 Nxd7 16. Bxe7 Qxe7 17. exd5 c4 18. Nf4 Qd6 19. Qd2 Kg7 20. Rfe1 Nf6 21. f3 g5 22. Nh3 Nxd5 23. Nxd5 Qxd5 24. Nf2 Rad8 25. Ne4 Qf5 26. Ng3 Qg6 27. Rxe8 Rxe8 28. d5 b5 29. d6 Rd8 30. Qd4+ Kg8 31. Ne4 Bxe4 32. fxe4 Rd7 33. e5 Qe6 34. Rf1 Qe8 35. Rf6 Kh7 36. Qe4+ Kg7 37. Qd4 Kh7 38. h4 Kg7 39. hxg5 hxg5 40. Qe3 Qh8 41. Qxg5+ Kf8 42. Rh6 Qg7 43. Qh5 Kg8 44. Rf6 Qg3 45. Rf3 Qg7 46. Qh3 Qxe5 47. Qxd7 Qe1+ 48. Kh2 Qh4+ 49. Rh3 Qf4+ 50. Rg3+ 1-0